000 00870nmm a2200265 a 4500
001 ocm000701416
003 TR-IsHL
005 20201028131527.0
008 131028s2006 tu tur
007 cr cn
035 _a701416
_b(N$T)
050 0 4 _aKKX955.3
_b.D66 2006
090 0 4 _aKKX955.3
_b.D66 2006
100 1 _aDomaniç, Hayri
245 1 0 _aBanka kredi mukavelelerinin tamamı geçersizdir
_h[electronic resource] /
_cHayri Domaniç
250 _a1. bs.
260 _aİstanbul :
_bArıkan Basım Yayım Dağıtım,
_c2006
300 _a168 p.
650 4 _aHukuk
650 4 _aLaw
650 0 _aBanka kredileri
_x Hukuk ve mevzuat
_x Türkiye
650 0 _aBank loans
_x Law and legislation
_x Turkey
650 7 _aLAW / Banking
_2bisacsh
856 4 0 _uhttp://search.ebscohost.com/login.aspx?direct=true&scope=site&db=e011xww&AN=701416
999 _c4610
_d4610